[Event "POL-chT2 South U19"]
[Site "Rudnik"]
[Date "2000.??.??"]
[Round "1.3"]
[White "Czarnota, Pawel"]
[Black "Nowak, Pawel"]
[Result "1-0"]
[WhiteElo "2189"]
[BlackElo "2000"]
[PlyCount "49"]
[EventDate "2000.07.20"]
[EventType "team-swiss"]
[EventRounds "10"]
[EventCountry "POL"]
[SourceTitle "EXT 2005"]
[Source "ChessBase"]
[SourceDate "2004.11.15"]
[SourceVersion "1"]
[SourceVersionDate "2004.11.15"]
[SourceQuality "1"]
[WhiteTeam "Olkusz Czarny Kon U19"]
[BlackTeam "POL-chT2 South U19 1"]
[WhiteTeamCountry "POL"]
[BlackTeamCountry "POL"]

1. e4 e5 2. Nf3 Nc6 3. Bb5 Nd4 4. Nxd4 exd4 5. 0-0 Bc5 6. Bc4 d6 7. d3 Be6 8. Bxe6 fxe6 9. a3 d5 10. Qh5+ g6 11. Qh3 Qf6 12. Qg3 Ne7 13. Bh6 Ng8 14. Bg5 Qf7 15. f4 h6 16. Bh4 Ne7 17. Bxe7 Kxe7 18. Nd2 Raf8 19. Kh1 Qg7 20. Nf3 Rf7 21. Rae1 Rhf8 22. Nd2 e5 23. fxe5 Rxf1+ 24. Nxf1 dxe4 25. Nd2 1-0

[Event "POL-chT2 South U19"]
[Site "Rudnik"]
[Date "2000.??.??"]
[Round "7.3"]
[White "Nowak, Pawel"]
[Black "Szromba, Krzysztof"]
[Result "1/2-1/2"]
[WhiteElo "2000"]
[BlackElo "2009"]
[PlyCount "60"]
[EventDate "2000.07.20"]
[EventType "team-swiss"]
[EventRounds "10"]
[EventCountry "POL"]
[SourceTitle "EXT 2005"]
[Source "ChessBase"]
[SourceDate "2004.11.15"]
[SourceVersion "1"]
[SourceVersionDate "2004.11.15"]
[SourceQuality "1"]
[WhiteTeam "POL-chT2 South U19 1"]
[BlackTeam "Krakow Korona U19"]
[WhiteTeamCountry "POL"]
[BlackTeamCountry "POL"]

1. e4 c5 2. f4 g6 3. Nf3 Bg7 4. Nc3 Nc6 5. Bb5 Nd4 6. Nxd4 cxd4 7. Ne2 a6 8. Bc4 e6 9. a4 d5 10. exd5 exd5 11. Bb3 Qh4+ 12. g3 Qd8 13. c3 d3 14. Nd4 Qe7+ 15. Kf2 Qc5 16. Qe1+ Be6 17. Qe3 Bxd4 18. cxd4 Qd6 19. Qe5 Qxe5 20. dxe5 Ne7 21. Ke3 Bf5 22. Bd1 Be4 23. Bf3 Nf5+ 24. Kf2 Nd4 25. Bxe4 dxe4 26. Ra3 Rc8 27. Rc3 Rxc3 28. bxc3 Nc2 29. g4 h5 30. Kg3 hxg4 1/2-1/2